00570nam a2200193Ia 4500008004100000050001300041050001500054100002300069245008100092245002300173260003100196260001000227260001000237300001500247300002000262300001100282500005600293521002700349170504s9999 xx 000 0 und d aQA 76.5  b.Es74 2016 aEscaro, Arianne S. aSouthville scoring system for southville international school and colleges / cArianne S. Escaro. aLas Piñas, Philippines : bSISC, c2016. a92 pages : billustrations ; c28 cm. aIncludes bibliographical references and appendices. aInformation Technology